| 000 | 00645nam a22001937a 4500 | ||
|---|---|---|---|
| 999 |
_c181512 _d181512 |
||
| 005 | 20210916145536.0 | ||
| 010 | _aUR-11239 | ||
| 020 |
_c150.00 _a9789390789511 |
||
| 035 | _aU-9794 | ||
| 037 | _bDBAD/PUB | ||
| 082 | _a841 | ||
| 100 | _aپر و فيسر طر ز ی | ||
| 245 |
_aپيا ر ی پيا ر ی نظميں _cپر و فيسر طر ز ی |
||
| 246 |
_aPiyari Piyari Nazmein (Urdu) _bby Prof.Tarzi |
||
| 260 |
_aN.Delhi _c2020 ء _bEducational Publishing House |
||
| 270 |
_a3191, Vakil Street, Kucha Pandit Lal Kuan, _b Delhi _e110006 _l - |
||
| 300 |
_a48 ص _c22 Cm(Hb) |
||
| 942 |
_2ddc _cUR _h841 _mط ر ز |
||